|
|
|
|
| LEADER |
00000cam a2200000 7i4500 |
| 001 |
0000005877 |
| 002 |
000006349 |
| 005 |
20000330.0 |
| 020 |
|
|
|a 9679784282
|
| 090 |
0 |
0 |
|a 610.951
|b WEI
|
| 100 |
0 |
|
|a Wei Tsuei
|
| 245 |
1 |
0 |
|a Roots of Chinese culture and medicine
|c Wei Tsuei
|
| 260 |
|
|
|a Petaling Jaya :
|b Pelanduk Publications ,
|c 1992
|
| 300 |
|
|
|a 130p. :
|b ill. ;
|c 22cm.
|
| 650 |
0 |
0 |
|a Chinese
|
| 650 |
0 |
0 |
|a Medicine, Chinese
|
| 650 |
0 |
0 |
|a Philosophy,Chinese
|
| 999 |
|
|
|a 00069867
|b BUKU
|c PINJAMAN
|e PERPUSTAKAAN KOMUNITI PETALING JAYA
|
| 999 |
|
|
|a 00141822
|b BUKU
|c PINJAMAN
|e PERPUSTAKAAN KOMUNITI PETALING JAYA
|